[Event "FIDE World Cup 2017"]
[Site "Tbilisi"]
[Date "2017.09.05"]
[Round "1.4"]
[White "Antipov, Mikhail Al"]
[Black "Tomashevsky, Evgeny"]
[Result "1/2-1/2"]
[WhiteElo "2578"]
[BlackElo "2710"]
[Annotator "TA"]
[PlyCount "188"]
[EventDate "2017.??.??"]
[EventType "k.o."]
[EventCountry "GEO"]
[SourceTitle "playchess.com"]
[Source "ChessBase"]
[SourceQuality "1"]

{[%evp 9,188,27,35,0,0,0,0,0,14,23,17,-18,51,49,44,44,44,44,43,44,44,50,67,66,67,70,77,80,70,33,88,97,91,44,108,0,80,74,66,53,54,50,62,63,64,56,64,64,64,65,65,56,87,47,54,43,43,35,56,42,35,26,35,8,8,0,38,40,56,39,83,102,89,102,65,0,0,0,0,0,0,0,0,0,0,0,0,-56,0,-373,0,0,0,-86,0,-94,24,20,31,45,76,96,131,135,135,14,135,124,135,133,115,36,37,29,29,29,29,30,100,16,102,20,16,14,21,6,62,62,62,62,62,62,62,62,62,62,62,0,66,16,35,0,0,-22,22,4,29,12,14,30,43,29,30,0,74,42,42,42,43,43,43,43,43,43,43,0,43,43,43,43,43,43,43,43,43,43,43,0,43,0,43]} 1. c4 Nf6 2. Nf3 c5 3. g3 b6 4. Bg2 Bb7 5. O-O e6 6. e3 {A30: Symmetrical English: Double Fianchetto and Hedgehog} (6. Nc3 Be7 7. d4 cxd4 8. Qxd4 a6 9. Bg5 h6 10. Bxf6 Bxf6 11. Qf4 O-O 12. Rfd1 Ra7 13. Rac1 Ba8 14. b3 Qc7 15. Qd2 Bxf3 16. Bxf3 {½-½ (51) Lintchevski,D (2569)-Kamsky,G (2678) St Petersburg 2017}) 6... Be7 7. d4 cxd4 8. exd4 d5 9. Ne5 O-O 10. Re1 Na6 (10... Qc8 $11) 11. Nc3 $14 Nc7 12. Bf4 Rc8 $146 ({Predecessor:} 12... a6 13. Rc1 Rc8 14. Qa4 {1-0 (38) Heigerer,S (2037)-Wertjanz,D (2268) St Johann im Pongau 2016}) 13. Rc1 Ba8 14. Nb5 Nxb5 15. cxb5 Bd6 16. Rxc8 Qxc8 17. Qa4 Qb8 18. Rc1 Bb7 19. Bg5 Rd8 (19... Bxe5 $14 20. dxe5 Qxe5 21. Bxf6 gxf6) 20. Ng4 $16 Be7 21. Bf4 Bd6 (21... Qa8 $1 $14 22. Bg5 Rc8 23. Rxc8+ Qxc8) 22. Bg5 Be7 $1 23. Rc3 Rc8 24. Bf4 Qa8 25. Rxc8+ Qxc8 26. Ne5 a6 27. Bf1 {[%cal Rb5a6]} a5 28. Nc6 Bf8 29. Qc2 Ne8 30. Bd3 g6 31. a4 Kg7 32. h4 (32. Qc1 $5 {[%cal Rf4h6]}) 32... Bd6 33. Bd2 Qc7 34. Kg2 (34. h5 $5) 34... Nf6 35. Qc1 Ng8 36. Bg5 {Threatens to win with Bd8.} (36. h5 $5) 36... Bxc6 37. bxc6 h6 38. Be3 h5 39. Bb5 {Bf4 is the strong threat.} Ne7 40. Bh6+ Kh7 41. Bg5 Kg7 42. Qc3 ({White should try} 42. Bf4 $14) 42... Nf5 $11 43. Ba6 Ne7 44. Bb7 (44. Bxe7 $5 Qxe7 45. Bd3 $14) 44... Nf5 45. Qd3 Be7 46. Bf4 Bd6 47. Bd2 Be7 48. Qa6 (48. Qc3 $11) 48... Bd6 (48... Nxd4 $15 49. Bf4 e5) 49. Bc3 $2 {[%mdl 8192] [#]} (49. Qd3 $11 {and White stays safe.}) 49... Ne7 $2 (49... Bxg3 $1 $19 {[%mdl 512]} 50. fxg3 Qxg3+ 51. Kf1 Qe3) 50. Qa8 Nf5 {[%cal Rd6g3]} 51. Kf1 (51. Qa6 $11) 51... Be7 (51... Qe7 $1 $17 {[%cal Re7f6]} 52. Qa6 g5 53. hxg5 Qxg5) 52. Bc8 {[#]} (52. Qa6 $11) 52... Nd6 (52... Nxg3+ $1 $17 {[%mdl 512]} 53. fxg3 Qxg3) 53. Ba6 Bf6 54. Bd3 Be7 55. b4 Bd8 56. bxa5 bxa5 {[#]} 57. Kg2 (57. Bd2 $1 $16) 57... Qb6 {[#]} (57... Qc8 $1 $11 58. Qxc8 Nxc8) 58. Bd2 $1 $16 Bc7 59. Bh6+ Kh7 60. Be3 (60. Bg5 $16 {Hoping for Qf8.} Qxd4 61. Qf8) 60... Qb8 $1 $14 {[%cal Rb8a8]} 61. Qa6 Qb6 62. Qxb6 Bxb6 $11 {[%mdl 4096] Endgame KBB-KBN} 63. Bf4 Bc7 (63... Ne8 $11) 64. f3 (64. Be5 $16) 64... Ne8 (64... Kg8 $11 {remains equal.}) 65. Bg5 (65. Bxc7 $16 Nxc7 66. g4) 65... Kg7 66. Ba6 Nd6 67. g4 f6 (67... Nc4 $11) 68. Bf4 $14 Kf7 69. Bd3 Kg7 70. Kf1 Kf7 71. Ke2 Kg7 72. Ke3 Kf7 73. Bf1 (73. Bg3 $14) 73... Kg7 ({Better is} 73... Ke7 $11) 74. Kd3 (74. Be2 {seems wilder.} Kf7 75. Bd3 Ke7 76. Ke2 Kf7 77. Bc2) 74... Kf7 75. Bc1 Nc8 76. Ke3 Nd6 77. Ba6 Kg7 78. Kd3 Kf7 79. Bf4 Ke7 80. Ke2 Kf7 81. Bd3 Kg7 $1 82. g5 f5 $1 83. Be5+ Kf7 84. Ke3 Ke7 85. Ba6 Kf7 86. Kd3 Ke7 87. Bc8 Kf7 88. Bd7 Ke7 89. Kc2 Kf7 90. Bc8 Ke7 91. Ba6 Kf7 92. Kd2 Ke7 93. Ke3 Kf7 94. Kf4 Ke7 {Precision: White = 42%, Black = 54%.} 1/2-1/2

[Event "FIDE World Cup 2017"]
[Site "Tbilisi"]
[Date "2017.09.05"]
[Round "1.4"]
[White "Karthikeyan, Murali"]
[Black "Vallejo Pons, Francisco"]
[Result "1/2-1/2"]
[WhiteElo "2574"]
[BlackElo "2717"]
[Annotator "TA"]
[PlyCount "116"]
[EventDate "2017.??.??"]
[EventType "k.o."]
[EventCountry "GEO"]
[SourceTitle "playchess.com"]
[Source "ChessBase"]
[SourceQuality "1"]

{[%evp 13,116,12,13,-1,0,0,16,-15,0,0,0,-29,-20,-50,-45,-58,-62,-47,-40,-35,-46,-44,-50,-76,-8,-11,0,-10,24,18,11,18,22,21,26,0,0,0,0,-12,0,-25,-2,-48,-25,-25,-25,-28,-14,-21,-21,-27,-19,-37,-35,-22,0,-36,0,-14,0,0,0,0,0,0,0,0,0,0,0,0,0,-66,0,0,0,0,0,-7,0,0,0,0,1,1,1,-11,0,0,0,0,1,1,1,0,0,-8,-8,-8,0,0,0,0,0]} 1. e4 e5 2. Nf3 Nf6 3. Nxe5 d6 4. Nf3 Nxe4 5. Nc3 Nf6 6. d4 Be7 7. d5 {C42: Petroff Defence: 3 Nxe5 and unusual White 3rd moves} (7. Bd3 O-O 8. O-O Re8 9. h3 Nbd7 10. Ne2 d5 11. Ng3 Bf8 12. Re1 Rxe1+ 13. Qxe1 c5 14. c3 cxd4 15. cxd4 Nb6 {0-1 (52) Wei,Y (2709)-Bu,X (2715) Shenzhen 2016}) 7... O-O {LiveBook: 9 Games} 8. h3 Nbd7 $146 ({Predecessor:} 8... Re8 9. Be2 Nbd7 10. O-O Nc5 11. Re1 Bf8 12. Bg5 h6 13. Be3 g6 14. Qc1 Kh7 {½-½ (31) Al Qudaimi,B (2396)-Vakhidov,T (2446) Dubai 2014}) 9. Be2 Nc5 10. Nd2 h6 11. O-O Bf5 12. Bf3 Re8 13. g4 Bh7 14. b4 Ncd7 15. a3 a5 {Strongly threatening ...axb4.} 16. Rb1 axb4 17. axb4 Nb6 18. Bg2 Nfd7 (18... Rc8 $17) 19. f4 $11 Bf6 20. Nde4 Na4 (20... Bh4 {is more complex.} 21. f5 Ne5 22. Be3 Nbc4 23. Bd4 Kh8) 21. Nxf6+ Nxf6 22. Nxa4 $1 Rxa4 23. f5 Nd7 24. Qd3 Kh8 25. Bf4 f6 26. Qg3 Ra2 27. Rf2 Ne5 28. h4 Nf7 29. Qb3 Qa8 30. Qc4 Re7 31. Rbf1 Qa7 32. Kh1 Ra1 33. Kh2 Rxf1 34. Rxf1 Bg8 35. Qd3 Qb6 36. c3 Qa7 37. Qg3 Bh7 38. g5 hxg5 39. hxg5 fxg5 40. Bc1 Qa2 41. Bxg5 Nxg5 42. Qxg5 Qe2 43. f6 (43. Rf4 $11) 43... gxf6 (43... Rf7 $15) 44. Qxf6+ {The position is equal.} ({Reject} 44. Rxf6 Rg7 $17) 44... Rg7 {[%csl Gg7][%cal Re2g2] [#]} 45. Rf2 Qe7 46. Qf4 (46. Bh3 {seems wilder.} Qxf6 47. Rxf6 Re7 48. Be6 Kg7 49. Rf2) 46... Qg5 47. Qxg5 Rxg5 {[%mdl 4096] Endgame KRB-KRB} 48. Ra2 b6 49. Ra7 Rg7 50. Bh3 Bg8 51. Ra8 Kh7 52. c4 b5 53. cxb5 Bxd5 54. Rc8 (54. Rb8 {with more complications.} Kg6 55. b6 cxb6 56. Rxb6 Kf6 57. Rxd6+ Ke5 58. Rh6) 54... Kg6 55. Rd8 Kf6 {[#]} 56. b6 $1 {[%mdl 512]} cxb6 57. Rxd6+ Ke5 58. Rxb6 Rb7 {Precision: White = 49%, Black = 55%.} 1/2-1/2

[Event "FIDE World Cup 2017"]
[Site "Tbilisi"]
[Date "2017.09.05"]
[Round "1.4"]
[White "Bacallao Alonso, Yusnel"]
[Black "Fedoseev, Vladimir"]
[Result "0-1"]
[WhiteElo "2573"]
[BlackElo "2731"]
[Annotator "TA"]
[PlyCount "48"]
[EventDate "2017.??.??"]
[EventType "k.o."]
[EventCountry "GEO"]
[SourceTitle "playchess.com"]
[Source "ChessBase"]
[SourceQuality "1"]

{[%evp 12,48,-42,-48,-33,-30,-18,-22,-19,-70,-58,-67,-74,-109,-106,-135,-140,-136,-63,-173,-184,-168,-165,-176,-130,-323,-288,-368,-380,-376,-378,-422,-426,-414,-402,-773,-748,-702,-721]} 1. b3 d5 2. Bb2 c5 3. e3 Nf6 4. Nf3 g6 5. Bxf6 (5. c4 dxc4 6. Bxc4 Bg7 7. O-O Nc6 8. d4 cxd4 9. Nxd4 Nxd4 10. Bxd4 O-O 11. Nc3 Bd7 12. Nd5 Bc6 13. Nxf6+ Bxf6 14. Bxf6 exf6 15. Qxd8 Rfxd8 {0-1 (48) Topalov,V (2793)-Carlsen,M (2868) Stavanger 2013}) 5... exf6 6. d4 {A06: Réti Opening:1 Nf3 d5} Nc6 7. Be2 {LiveBook: 3 Games} Be6 $146 ({Find the theoretical novelty and annotate with similar games:} 7... Bd6 8. O-O O-O 9. dxc5 Bxc5 10. Nc3 Be6 11. Nb5 Re8 {0-1 (48) Stremavicius,T (2434)-Kveinys,A (2542) Viljandi 2017}) 8. O-O {Black is slightly better.} Bd6 9. c3 O-O 10. Nbd2 ({Better is} 10. dxc5 $11 Bxc5 11. Nbd2) 10... cxd4 $15 11. exd4 Rc8 12. c4 Bb4 13. c5 Bc3 14. Rc1 Bxd4 (14... Bb2 $17 15. Rb1 Bxd4 16. Nxd4 Nxd4) 15. b4 {[#]} (15. Nxd4 $15 Nxd4 16. Nf3 Nxe2+ 17. Qxe2) 15... Bb2 $1 $19 {[%cal Bd4b2,Bb2c3,Bc3d2,Bd2c3][%mdl 32]} 16. Rb1 Bc3 17. Qa4 Bf5 18. b5 $2 (18. Rbc1 $17 d4 19. a3) 18... Qa5 19. Qf4 {[#]} Nd4 $1 {[%mdl 512]} 20. Nxd4 {aiming for N2b3.} Bxd2 21. Qf3 Bxb1 22. Rxb1 Rxc5 23. Qxf6 (23. Rd1 $142 Rc1 24. Rxc1 Bxc1 25. Qb3) 23... Qxa2 24. Rd1 Bc3 {Precision: White = 19%, Black = 78%.} 0-1

[Event "FIDE World Cup 2017"]
[Site "Tbilisi"]
[Date "2017.09.05"]
[Round "1.4"]
[White "Fier, Alexandr"]
[Black "Bacrot, Etienne"]
[Result "1/2-1/2"]
[WhiteElo "2569"]
[BlackElo "2728"]
[Annotator "TA"]
[PlyCount "98"]
[EventDate "2017.??.??"]
[EventType "k.o."]
[EventCountry "GEO"]
[SourceTitle "playchess.com"]
[Source "ChessBase"]
[SourceQuality "1"]

{[%evp 18,98,5,0,47,25,8,0,0,0,0,-36,-7,-5,0,-54,-54,-34,-45,-46,-36,-73,-41,-45,-41,-38,-30,-31,-22,-73,-66,-47,0,-93,-75,-96,-97,-87,-95,-98,-108,-96,-106,-265,-272,-328,-325,-428,-412,-458,-435,-433,-405,-545,-533,-625,-628,-654,-610,-638,-611,-598,-591,-721,-681,-664,-666,-858,-839,-900,-779,-925,-863,-945,-945,-1400,-1370,-1539,-1750,-2194,-2110,-5493,-5318]} 1. d4 d5 2. c4 e6 3. Nc3 Be7 4. cxd5 exd5 5. Bf4 c6 6. e3 Bf5 7. g4 Be6 8. h4 Nd7 9. h5 {D31: Queen's Gambit Declined: Semi-Slav without ...Nf6 (+ Marshall Gambit and Noteboom) and Exchange Variation lines without ...Nf6} (9. g5 h6 10. g6 f5 11. h5 Ngf6 12. f3 Nb6 13. Qc2 O-O 14. Bd3 Qd7 15. Qh2 Nc4 16. b3 Nd6 {0-1 (58) Van Kampen,R (2643)-Bruzon Batista,L (2643) Linares 2017}) 9... Nh6 10. Be2 {LiveBook: 21 Games} f5 {[%cal Rh6g4]} 11. gxf5 $146 {White is slightly better.} ({Find the theoretical novelty and annotate with similar games:} 11. Bxh6 gxh6 12. gxf5 Bxf5 13. Bd3 Bxd3 14. Qxd3 Nf6 15. Nf3 Bb4 16. Ne5 Qe7 {½-½ (57) Pultorak,J (2296)-Keinanen,T (2337) Prague 2016}) 11... Bxf5 12. Bd3 Bg5 13. Nge2 O-O 14. Rg1 Bxf4 15. Nxf4 Qe7 16. Qc2 (16. Qe2 $11) 16... Bxd3 $15 17. Nxd3 Rf5 18. O-O-O Rxh5 19. Ne2 Rg5 20. Rh1 Re8 21. Nef4 Nf6 22. Ne5 Ne4 23. Nf3 (23. Rh2 $11 {keeps the balance.}) 23... Rg4 $17 24. Ne5 Rg5 (24... Rxf4 $5 25. exf4 Qf6 $11) 25. Rdg1 (25. Nf3 $11) 25... Nf7 26. Rxg5 Qxg5 27. f3 {And now Nxf7 would win.} Nf6 ({Reject} 27... Nxe5 $6 28. dxe5 Rxe5 29. fxe4 $11) 28. Ng4 {[#]} Rxe3 $1 {[%mdl 512]} 29. Nxe3 Qxf4 30. Qe2 $2 {[#]} (30. Re1 $17 {might work better.}) 30... Ng5 $1 $19 ({Weaker is} 30... Qxd4 31. Ng4 $17) 31. Kb1 Nxf3 32. Nc2 Qe4 33. Qxe4 dxe4 {[%mdl 4096] Endgame KRN-KNN} ({Not} 33... Nxe4 34. Kc1 $19) 34. Ne3 h5 35. Nf5 g6 {Black is clearly winning.} 36. Ne3 Ng4 37. Nd1 Kf7 38. Kc2 Kf6 39. b4 Kf5 40. Kc3 Kf4 41. b5 cxb5 42. Nb2 h4 43. a4 a6 44. axb5 axb5 45. Kb4 Nf2 46. Rf1 e3 47. Kxb5 Nxd4+ 48. Kc5 Nf3 49. Kd5 h3 {[%mdl 32768] Precision: White = 31%, Black = 84%. . An unexpected result.} 1/2-1/2

[Event "FIDE World Cup 2017"]
[Site "Tbilisi"]
[Date "2017.09.05"]
[Round "1.4"]
[White "Goganov, Aleksey"]
[Black "Andreikin, Dmitry"]
[Result "0-1"]
[WhiteElo "2567"]
[BlackElo "2708"]
[Annotator "TA"]
[PlyCount "86"]
[EventDate "2017.??.??"]
[EventType "k.o."]
[EventCountry "GEO"]
[SourceTitle "playchess.com"]
[Source "ChessBase"]
[SourceQuality "1"]

{[%evp 19,86,0,23,-14,-10,-12,35,-11,-21,-20,60,22,98,103,86,-7,0,-2,-8,-101,-90,-99,-99,-85,-100,-94,-100,-100,-37,-261,-264,-287,-276,-363,-370,-439,-388,-397,-395,-384,-308,-289,-305,-291,-293,-301,-302,-306,-275,-301,-294,-295,-267,-331,-236,-473,-469,-556,-556,-529,-523,-669,-659,-791,-773,-738,-745,-745,-485]} 1. e4 e5 2. Nf3 Nf6 3. Nxe5 d6 4. Nf3 Nxe4 5. Nc3 Nxc3 6. dxc3 Be7 7. Be3 O-O 8. Qd2 {C42: Petroff Defence: 3 Nxe5 and unusual White 3rd moves} Nd7 9. O-O-O c6 10. Kb1 d5 {LiveBook: 6 Games} 11. Nd4 $146 ({Predecessor:} 11. c4 Nb6 12. cxd5 Nxd5 13. Bc4 Be6 14. Rhe1 Bb4 15. c3 Be7 {½-½ (26) Vachier Lagrave,M (2744)-Giri,A (2793) Baku 2015}) 11... Re8 12. h4 Nb6 13. b3 c5 14. Ne2 d4 (14... Bg4 $11) 15. cxd4 $14 Nd5 (15... c4 $11 {keeps the balance.}) 16. Bg5 f6 17. Bf4 (17. Be3 $16) 17... c4 $1 $11 {Strongly threatening ...Bb4.} 18. Nc3 {aiming for Nxd5.} cxb3 19. axb3 (19. Nxd5 $1 $11 bxa2+ 20. Ka1 Qxd5 21. c4) 19... Bb4 $1 $36 {[%cal Rb4c3][%mdl 2048] White is under strong pressure.} 20. Bc4 Be6 21. Bxd5 Bxd5 22. Qd3 {[#]} Bxc3 $1 23. Qxc3 {[#]} a5 (23... Rc8 $1 $17 {[%cal Rc8c3]} 24. Qg3 Be4) 24. Bc7 $2 ({Better is} 24. Qc7 $15) 24... Qd7 $19 {White must now prevent ...Rec8.} 25. Bxa5 Qb5 ({Weaker is} 25... Bxg2 26. Rhg1 $17) 26. Bb4 Rec8 27. Qd2 Be4 28. Rc1 {With the idea Kb2.} Qa6 {[%csl Ga8][%cal Ra6a2]} 29. Ba5 Qxa5 30. Qxa5 Rxa5 31. f3 Bg6 32. Kb2 Rca8 33. c4 Ra2+ 34. Kc3 Rxg2 35. h5 Bf5 36. d5 Kf7 37. c5 $2 (37. Kb4 {keeps fighting.}) 37... Rg3 {Black is clearly winning.} 38. Ra1 Rxf3+ 39. Kb4 Rf4+ 40. Kb5 Rc8 41. Ra7 Bd3+ 42. Kb6 Rb4+ 43. Ka5 Rb5+ {Precision: White = 35%, Black = 64%.} 0-1

[Event "FIDE World Cup 2017"]
[Site "Tbilisi"]
[Date "2017.09.05"]
[Round "1.4"]
[White "Batchuluun, Tsegmed"]
[Black "Adams, Michael"]
[Result "1/2-1/2"]
[WhiteElo "2566"]
[BlackElo "2738"]
[Annotator "TA"]
[PlyCount "116"]
[EventDate "2017.??.??"]
[EventType "k.o."]
[EventCountry "GEO"]
[SourceTitle "playchess.com"]
[Source "ChessBase"]
[SourceQuality "1"]

{[%evp 24,116,22,18,18,18,22,19,22,19,27,16,19,18,22,22,19,19,22,20,34,22,17,20,18,0,0,0,0,-24,0,0,0,0,0,0,0,0,0,0,0,0,0,0,0,0,0,0,0,0,0,-14,0,0,0,0,0,0,0,0,0,0,0,0,0,0,0,0,0,0,0,0,0,0,0,0,0,0,0,0,0,0,0,0,0,0,0,0,0,0,0,0,0,0,0]} 1. d4 Nf6 2. c4 e6 3. Nf3 d5 4. Nc3 Be7 5. Bf4 O-O 6. e3 Nbd7 7. c5 c6 8. h3 b6 {D37: Queen's Gambit Declined: 5 Bf4} 9. b4 a5 10. a3 h6 11. Qc1 Bb7 12. Bd3 Qc8 13. O-O {LiveBook: 6 Games} Ba6 14. Bxa6 Qxa6 15. Qb2 Rfc8 {[#]} 16. Rfb1 $146 ({Predecessor:} 16. Rfc1) 16... Bd8 17. Bd6 axb4 18. axb4 Qb7 $1 19. Rxa8 Rxa8 20. Ra1 Rxa1+ 21. Qxa1 Ne8 {[%cal Bf6e8,Be8c7,Bc7e6][%mdl 32]} 22. Bg3 Bc7 23. Bxc7 Nxc7 24. Ne1 bxc5 25. bxc5 e5 26. dxe5 Nxe5 27. Ne2 {The position is equal.} Nd7 28. Nd3 Ne6 29. Qc3 Qb1+ 30. Kh2 Qb5 31. Nd4 Qc4 32. Qxc4 dxc4 $11 {[%mdl 4096] Endgame KNN-KNN} 33. Nb4 Ndxc5 {And now ...Nxd4 would win.} 34. Ndxc6 Nd3 35. Kg1 Nxb4 36. Nxb4 {KN-KN} Kf8 37. Nd5 Nc5 (37... Nc7 $5 38. Nc3 (38. Nxc7 $2 c3 $19) 38... Ke7 $11) 38. Kf1 f5 39. Ke2 Kf7 40. f3 Ke6 41. Nc7+ Ke5 42. f4+ Kf6 43. Ne8+ Kg6 44. Nd6 c3 45. g4 fxg4 46. hxg4 Kf6 (46... c2 $5 47. Kd2 $8 Nd3 48. Kxc2 Nf2 $11) 47. Kd1 g5 48. Kc2 gxf4 49. exf4 Ne6 50. Ne4+ Kf7 51. f5 Ng7 52. Ng3 Kf6 53. Kxc3 h5 54. Ne4+ Kf7 55. Nd6+ Kf6 56. Ne4+ Kf7 57. gxh5 {[#] Hoping for Ng3.} Nxf5 58. Kc4 (58. h6 $5) 58... Kg7 {Precision: White = 69%, Black = 83%.} 1/2-1/2

[Event "FIDE World Cup 2017"]
[Site "Tbilisi"]
[Date "2017.09.05"]
[Round "1.4"]
[White "Pourramezanali, Amirreza"]
[Black "Yu, Yangyi"]
[Result "0-1"]
[WhiteElo "2534"]
[BlackElo "2750"]
[Annotator "TA"]
[PlyCount "80"]
[EventDate "2017.??.??"]
[EventType "k.o."]
[EventCountry "GEO"]
[SourceTitle "playchess.com"]
[Source "ChessBase"]
[SourceQuality "1"]

{[%evp 19,80,0,0,-34,-6,-19,0,0,36,0,0,0,-7,-8,-8,-2,-7,-7,-12,-14,-19,-44,-49,-52,-26,-32,-16,-22,0,0,0,-20,-16,-35,-7,-8,0,-13,-13,-21,0,-61,-64,-92,-71,-244,-239,-499,-502,-494,-481,-933,-906,-29992,-29993,-29993,-739,-29994,-29995,-29995,-29996,-29996,-29997]} 1. g3 d5 2. Bg2 g6 3. d3 Bg7 4. Nd2 c5 5. e4 dxe4 6. dxe4 Nc6 7. Ngf3 Nf6 8. O-O O-O 9. Qe2 Qc7 10. c3 e5 {LiveBook: 3 Games. A08: King's Indian Attack} 11. a4 h6 (11... b6 12. Re1 Rd8 13. Nf1 h6 14. N3d2 Bg4 15. f3 Be6 16. Ne3 Na5 17. Nec4 Nc6 {½-½ (27) Blanco Gramajo,C (2552)-Dos Santos,M (2433) ICCF email 2011}) 12. Nc4 Be6 {The position is equal.} 13. Nfd2 Rfe8 $146 ({Find the theoretical novelty and annotate with similar games:} 13... a6 14. Ne3 Rfd8 15. f4 exf4 16. gxf4 Na5 17. Ra3 Rab8 {½-½ (41) Heerlein,G (1708)-Varkonyi,M (1627) Bad Neustadt/Saale 2008}) 14. Re1 Rad8 15. Nf1 Bxc4 16. Qxc4 Na5 {[%cal Bc6a5,Ba5b3,Bb3c1][%mdl 32]} 17. Qe2 Nb3 18. Rb1 Nxc1 19. Rbxc1 h5 20. Qb5 Bh6 {Threatens to win with ...a6.} 21. Rcd1 a6 22. Qc4 Qc6 23. a5 b5 24. axb6 $1 Qxb6 25. Qa2 (25. Ra1 $5 {[%cal Ra1a6]} Re6 26. Ra2 $11) 25... Kg7 26. Bf3 a5 27. Rb1 Rd6 28. Qc4 Rb8 29. Bd1 Qb5 (29... h4 $5) 30. Qa2 ({White should play} 30. Qxb5 $11 Rxb5 31. f3) 30... Qd3 (30... h4 $5) 31. Be2 Qxe4 {[#] Hoping for ...Bd2.} 32. Bc4 $2 (32. Qxa5 $17 Rdb6 33. Qxc5) 32... Qf5 $19 {...Ne4 is the strong threat.} 33. h3 $2 (33. Ra1 {is a better defense.}) 33... Ne4 34. Rxe4 Qxe4 35. Bxf7 (35. b3 $142 h4 36. gxh4) 35... Rf8 36. Bc4 {[#]} Rxf2 $1 {[%mdl 512]} 37. Kxf2 Rf6+ 38. Kg1 Be3+ {Black mates.} 39. Nxe3 Qxe3+ 40. Kh1 Rf2 {Precision: White = 34%, Black = 61%.} 0-1

[Event "FIDE World Cup 2017"]
[Site "Tbilisi"]
[Date "2017.09.05"]
[Round "1.4"]
[White "Sambuev, Bator"]
[Black "Wei, Yi"]
[Result "1/2-1/2"]
[WhiteElo "2529"]
[BlackElo "2748"]
[Annotator "TA"]
[PlyCount "161"]
[EventDate "2017.??.??"]
[EventType "k.o."]
[EventCountry "GEO"]
[SourceTitle "playchess.com"]
[Source "ChessBase"]
[SourceQuality "1"]

{[%evp 16,161,-18,2,26,0,23,-22,8,18,23,22,21,20,14,16,13,14,16,17,24,22,17,6,14,5,17,22,29,26,33,31,27,6,13,2,6,1,8,0,0,0,0,0,0,0,0,0,0,0,7,0,0,0,0,0,0,0,-1,-8,0,0,0,-2,-1,-5,-1,-1,-1,-1,0,-8,-8,-8,0,0,0,0,0,0,0,0,0,0,0,0,1,1,1,0,0,0,1,1,1,0,1,0,0,0,2,0,2,0,2,2,8,1,8,0,0,0,0,0,0,0,0,0,0,-1,0,-7,0,0,0,0,0,0,0,0,0,0,0,0,0,0,0,0,0,0,0,0,0,0,0,0,0,0]} 1. Nf3 Nf6 2. c4 e6 3. e3 d5 4. b3 c5 5. Bb2 Nc6 6. cxd5 exd5 7. d4 cxd4 {A13: English Opening: 1...e6} 8. Nxd4 Bb4+ 9. Bc3 {LiveBook: 10 Games} Qb6 $146 ({Predecessor:} 9... Bd6 10. Nxc6 bxc6 11. Bd3 O-O 12. Nd2 c5 13. O-O d4 14. exd4 cxd4 15. Bb2 {½-½ (30) Szabo,A (2315)-Sundararajan,K (2469) Zalakaros 2016}) 10. Bb5 O-O {[#] Strongly threatening ...Qa5.} (10... Bc5 {feels hotter.} 11. O-O O-O 12. Nxc6 Qxb5 13. Ne5 Bf5) 11. Nxc6 (11. Bxb4 {with more complications.} Nxb4 12. Nc3 a6 13. Bd3 Qd6 14. Rc1) 11... Bxc3+ (11... Bg4 {seems wilder.} 12. Qc2 bxc6 13. Bxb4 Rfc8 14. Bd3 Qxb4+ 15. Nd2 a5) 12. Nxc3 bxc6 13. Be2 c5 14. O-O Be6 15. Na4 Qa5 16. Qe1 Qxe1 17. Rfxe1 Rfc8 18. Rac1 {White wants to play Ba6.} c4 19. f3 (19. bxc4 {looks sharper.} dxc4 20. Red1 Rab8 21. f3 Nd5 22. e4) 19... cxb3 20. axb3 Rxc1 21. Rxc1 d4 22. exd4 Bxb3 23. Nc5 Bd5 24. Na6 Rd8 {The position is equal.} 25. Rc7 Be6 26. Rxa7 Kf8 27. Nb4 Rxd4 28. Nc6 Rd6 29. Ra8+ Ne8 30. Ne5 {[#] Black must now prevent Bb5.} Ke7 31. Ra7+ Kf8 32. Ra8 {aiming for Bb5.} Ke7 33. Bb5 Nc7 34. Ra7 Kf6 35. Rxc7 {Nd7+ is the strong threat.} Kxe5 $11 {[%mdl 4096] Endgame KRB-KRB} 36. Be8 Kf6 37. Kf2 Rd8 38. Bb5 Rd5 39. Rb7 Rd2+ 40. Kg3 Rb2 {And now ...Bd5 would win.} 41. Bc6 Rxb7 42. Bxb7 {KB-KB} g5 43. Kf2 Ke5 44. Ke3 h6 45. g3 f6 46. Be4 Kd6 47. Kd4 Ke7 48. Kc5 Kf8 49. Kd6 (49. Bd5 $5 {[%cal Rd5e6]} Ke7 50. Be4 $11) 49... Bc4 50. Bd5 Be2 51. Ke6 Kg7 52. Kf5 Bd3+ 53. Be4 Bb5 {[%cal Rb5d7]} (53... Bf1 {is interesting.} 54. Bc2 Bc4 55. Ke4 Kf7 56. Ba4 Ke7) 54. Ke6 Bc4+ 55. Bd5 Bf1 56. Kf5 Bd3+ 57. Ke6 Bf1 58. Be4 Bc4+ 59. Kd6 Bf1 60. Bd5 Bd3 61. Kc5 Bf5 62. g4 Bd3 63. Kd4 Bg6 64. Be4 Bf7 65. Kc5 h5 66. h3 Be8 67. Bd3 Bf7 68. Kd6 hxg4 69. hxg4 Be8 70. Ke7 Bc6 71. Be4 Bb5 72. Kd6 Bc4 73. Bd5 Bf1 74. Kc5 Bg2 75. Kd4 Kf8 76. Be4 Ke7 77. Ke3 {Hoping for Kf2.} Bf1 78. Bd3 Bxd3 79. Kxd3 Ke6 80. Ke4 f5+ 81. gxf5+ {Precision: White = 63%, Black = 67%.} 1/2-1/2